All in the Family : (Record no. 4983)

MARC details
000 -LEADER
fixed length control field 01077nam a22002537a 4500
001 - CONTROL NUMBER
control field 4983
003 - CONTROL NUMBER IDENTIFIER
control field FISKH
005 - DATE AND TIME OF LATEST TRANSACTION
control field 20241030114508.0
008 - FIXED-LENGTH DATA ELEMENTS--GENERAL INFORMATION
fixed length control field 241030b cb ||||| |||| 00| 0 eng d
020 ## - INTERNATIONAL STANDARD BOOK NUMBER
International Standard Book Number 9781606310571
040 ## - CATALOGING SOURCE
Original cataloging agency FISKH
Language of cataloging eng
Transcribing agency FISKH
Modifying agency FISKH
050 ## - LIBRARY OF CONGRESS CALL NUMBER
Classification number BL795.H46
082 ## - DEWEY DECIMAL CLASSIFICATION NUMBER
Classification number 398.20938
100 ## - MAIN ENTRY--PERSONAL NAME
Personal name Otfinoski, Steven
245 ## - TITLE STATEMENT
Title All in the Family :
Remainder of title A Look-it-Up Guide to the In-laws, Outlaws, and Offspring of Mythology /
Statement of responsibility, etc. by Steven Otfinoski
260 ## - PUBLICATION, DISTRIBUTION, ETC.
Place of publication, distribution, etc. New York :
Name of publisher, distributor, etc. Scholastic ;
Date of publication, distribution, etc. 2010.
300 ## - PHYSICAL DESCRIPTION
Extent 128 pages :
Other physical details color illustrations ;
Dimensions 24 cm .
490 ## - SERIES STATEMENT
Series statement Mythlopedia
520 ## - SUMMARY, ETC.
Summary, etc. This fun new series offers a fascinating way to introduce youngsters to the characters in Greek mythology. Each book contains an introduction that explains the origins of mythology, an A-Z Hall of Fame featuring the key characters in each book, full profiles of each character with their amazing myths, and much more.
650 ## - SUBJECT ADDED ENTRY--TOPICAL TERM
Topical term or geographic name entry element mythlopedia
Form subdivision non-fiction
700 ## - ADDED ENTRY--PERSONAL NAME
Personal name Hansen, William
Relator term Contant Consultant
942 ## - ADDED ENTRY ELEMENTS (KOHA)
Source of classification or shelving scheme Dewey Decimal Classification
Koha item type Books
Suppress in OPAC No
Holdings
Withdrawn status Lost status Source of classification or shelving scheme Damaged status Not for loan Collection Home library Current library Shelving location Date acquired Total Checkouts Full call number Barcode Date last seen Copy number Price effective from Koha item type
    Dewey Decimal Classification     Non-Fiction Footprints International School Library Network Toul Tom Poung Campus Footprints International School Library Network Toul Tom Poung Campus TTP Secondary Non-Fiction Bookshelves 10/30/2024   OTF 398.20938 BL795.H46 FISSE00709 10/30/2024 1 10/30/2024 Books
    Dewey Decimal Classification     Non-Fiction Footprints International School Library Network Toul Tom Poung Campus Footprints International School Library Network Toul Tom Poung Campus TTP Secondary Non-Fiction Bookshelves 10/28/2025   OTF 398.20938 BL795.H46 FIS04843 10/28/2025 2 10/28/2025 Books